00270pab a2200109 454500008004000000100001800040245003200058260000900090300001400099650001400113773003300127180718b2005 xxu||||| |||| 00| 0 eng d aOwen, John R. aIn defence of the "peasant" c2005 ap.368-85. aPeasantry aJournal of Contemporary Asia